000 00603ntaaa2200217 4500
003 01
005 20251027201431.0
008 0714s1973 ag 01
020 _a9506142785
040 _aAR-BaBN
_bspa
_cAR-BaBN
_eaacr
_dRIC
082 _a105.0000 H62h
100 _aAnselmo, San
_912928
245 _aProslogion
250 _a1 ed.
260 _aBarcelona=260 \\
_aBuenos Aires :
_bOrbis :
_bHyspamerica (dist),
_c1984
300 _a161 [163] p ;
_c20 cm
500 _aIncluye su Sobre la verdad. Prólogo de Antonio Rodríguez Huéscar.
650 _afilosofía
650 _averdad
942 _cBK
999 _c8851
_d8851